UITU Library & LRC     

Electric Circuits (Record no. 25741)

MARC details
000 -LEADER
fixed length control field 00421nam a2200169Ia 4500
008 - FIXED-LENGTH DATA ELEMENTS--GENERAL INFORMATION
fixed length control field 241115s9999 xx 000 0 und d
020 ## - INTERNATIONAL STANDARD BOOK NUMBER
International Standard Book Number 0-07-112920-0
082 ## - DEWEY DECIMAL CLASSIFICATION NUMBER
Classification number 621.3192 BOG
100 ## - MAIN ENTRY--PERSONAL NAME
Personal name Bogart, Theodore F.
245 #0 - TITLE STATEMENT
Title Electric Circuits
250 ## - EDITION STATEMENT
Edition statement 2nd ed.
260 ## - PUBLICATION, DISTRIBUTION, ETC.
Place of publication, distribution, etc. McGraw Hill:
Date of publication, distribution, etc. 1992,
300 ## - PHYSICAL DESCRIPTION
Extent xix,933p.
600 ## - SUBJECT ADDED ENTRY--PERSONAL NAME
Personal name Electrical Engineering
650 ## - SUBJECT ADDED ENTRY--TOPICAL TERM
Topical term or geographic name entry element Electrical Engineering
942 ## - ADDED ENTRY ELEMENTS (KOHA)
Koha item type Book Bank Data
Holdings
Withdrawn status Lost status Damaged status Not for loan Collection Home library Current library Date acquired Source of acquisition Cost, normal purchase price Total checkouts Barcode Date last seen Price effective from Koha item type
        BB-Electrical Engineering UITU Library UITU Library 11/29/2005 FBC 77.50   BB1248 11/15/2024   Book Bank Data

Powered by Koha